000 00496nam a2200181Ia 4500
008 230917s9999||||xx |||||||||||||| ||und||
020 _cRS395
040 _e224133
_aMAIN
041 _aEnglish
082 _a005.1 K529H(2)
100 _aKhurana, Rohit
245 0 _aSoftware engineering: Principles and practices
250 _a2nd ed.
260 _aNoida
_bVikas Publishing House
_c2013
300 _axviii, 534 p.
500 _a1935 05/02/2015 JBC2108 14/03/2015 Main Budget
942 _cBK
999 _c14518
_d14518